Movies Quiz

Random Movies or Actor Quiz

Movie Presidents Quiz Stats

 Plays Quiz Updated Jan 4, 2012

Score 0/24 Timer 05:00
0 Plays Today
Movie Actor % Correct
Air Force OneHarrison Ford
88.5%
Deep ImpactMorgan Freeman
69.2%
Independence DayBill Pullman
62.5%
The American PresidentMichael Douglas
60.3%
Mars Attacks!Jack Nicholson
58.6%
'W'Josh Brolin
55.7%
DaveKevin Kline
51.2%
Man of The YearRobin Williams
51.1%
SpaceballsMel Brooks
50.9%
Head of StateChris Rock
41.7%
NixonAnthony Hopkins
40.3%
Dr. Strangelove or: HILTSWALTBPeter Sellers
38.6%
Movie Actor % Correct
White House DownJamie Foxx
37.7%
PixelsKevin James
24.6%
Absolute PowerGene Hackman
23.9%
Scary Movie 3Leslie Nielsen
23.3%
Machete KillsCharlie Sheen
22.9%
American DreamzDennis Quaid
21.1%
The ContenderJeff Bridges
13.6%
Spy Kids 3-D: Game OverGeorge Clooney
12%
The Sum of All FearsJames Cromwell
10.3%
The Simpsons MovieHarry Shearer
8.4%
National Treasure: Book of SecretsBruce Greenwood
8.1%
Swing VoteKelsey Grammer
6.3%

You're not logged in!

Compare scores with friends on all Sporcle quizzes.
OR
Log In

Sporcle TV

Today on Sporcle TV


Watch our educational content, quiz creation guides, and fun videos on Sporcle TV.

Show Comments

Extras

Top Quizzes Today


Score Distribution

Your Account Isn't Verified!

In order to create a playlist on Sporcle, you need to verify the email address you used during registration. Go to your Sporcle Settings to finish the process.

Report this User

Report this user for behavior that violates our Community Guidelines.

Details: